LEADER 01697nam a2200325 a 4500 001 000000130242 003 CaOOAMICUS 005 20120920111232.0 008 120920s2010 it u000 u fre r 020 $a978-88-7839-168-0 040 $aPUL$bita 082 04$a232 100 1 $aLusala Lu Ne Nkuka, Luka,$cS.I.$0(OLS)http://pul/name/83453 245 10$aJésus-Christ et la religion africaine :$bréflexion christologique à partir de l'analyse des mythes d'Osiris, de Gueno, d'Obatala, de Kiranga et de Nzala Mpanda /$cLuka Lusala Lu Ne Nkuka. 260 $aRoma :$bGregorian & Biblical Press,$c©2010. 300 $a185 p. ;$c21 cm 490 1 $aDocumenta missionalia ;$v36 502 $aTesi -- Pontificia Universitas Gregoriana. Facultas missiologiae, n. 5947, 2009. 504 $aBibliografia in nota e p. [171]-177. 650 4$aCristologia$xStudi.$0(OLS)http://pul/subject/36480 710 2 $aPontificia Università Gregoriana.$bFacoltà di missiologia.$kTesi.$0(OLS)http://pul/name/82191 830 0$aDocumenta missionalia ;$v36.$0(OLS)http://pul/title/63397 850 $aPUL 852 $aPUL$W1$xSL Religione 3$y85$m232 LUSLU 1$j150780$qDDC 21$q $B149345$CPULBib$Z2$F149345 $H120716 $81 941 1 $a9 996 $6020$a978-88-7839-168-0$9(OLS)http://pul/number/150521 996 $6082$a232$9(OLS)http://pul/classification/381 996 $6245$aJésus-Christ et la religion africaine :$bréflexion christologique à partir de l'analyse des mythes d'Osiris, de Gueno, d'Obatala, de Kiranga et de Nzala Mpanda$9(OLS)http://pul/title/164616 996 $6260$aRoma :$bGregorian & Biblical Press$9(OLS)http://pul/publisher/81048 LEADER 01604nam a2200361 a 4500 001 000000173459 003 CaOOAMICUS 005 20240712124204.0 008 200520s2019 vc u000 u ita r 020 $z978-88-266-0342-1* 032 $aLibriCat 040 $aPUL$bita 082 04$a248.3 100 0 $aFranciscus PP.,$d1936-2025.$0(OLS)http://pul/name/86295 245 13$aLa preghiera : $bil respiro della vita nuova /$cPapa Francesco ; con prefazione del Patriarca di Mosca Kyrill. 260 $aCittà del Vaticano :$bLibreria editrice vaticana,$c©2019. 300 $a205 p. ;$c21 cm 490 1 $aScambio dei doni ;$v 650 4$aPreghiera cristiana.$0(OLS)http://pul/subject/19902 700 0 $aKirill,$bI,$cpatriarca di Mosca e di tutta la Russia,$d1946-$0(OLS)http://pul/name/81711 830 0$aScambio dei doni.$0(OLS)http://pul/title/214577 850 $aPUL 852 $aPUL$W1$xSL Religione 3$y85$m248. 3 FRANC 1$j197452$qDDC 21$B202236$CPULBib$Z2$F202236 $H134121 $82 900 $aBergoglio, Jorge Mario$986295 900 $aFrancesco, papa,$d1936-$986295 910 $aPapi (2013- : Franciscus PP.)$986295 910 $aPapi (2013- : Franciscus PP.)$986295 941 1 $a9 996 $6020$z978-88-266-0342-1*$9(OLS)http://pul/number/167462 996 $6082$a248.3$9(OLS)http://pul/classification/1918 996 $6245$aLa preghiera : $bil respiro della vita nuova$9(OLS)http://pul/title/214645 996 $6260$aCittà del Vaticano :$bLibreria editrice vaticana$9(OLS)http://pul/publisher/47920